[Event "TUR-chT 2nd League"]
[Site "Konya"]
[Date "2019.07.23"]
[Round "2.10"]
[White "Yavuz, Irem"]
[Black "Karatiken, Seray"]
[Result "0-1"]
[WhiteElo "1008"]
[BlackElo "1764"]
[PlyCount "128"]
[EventDate "2019.07.22"]
[EventType "team-swiss"]
[EventRounds "9"]
[EventCountry "TUR"]
[SourceTitle "CBM 191 Extra"]
[Source "ChessBase"]
[SourceDate "2019.09.30"]
[SourceVersion "1"]
[SourceVersionDate "2019.09.30"]
[SourceQuality "1"]
[WhiteTeam "Yalova Altinkale"]
[BlackTeam "Marmara Universitesi"]
[WhiteTeamCountry "TUR"]
[BlackTeamCountry "TUR"]

1. e4 c5 2. c3 d5 3. exd5 Qxd5 4. d4 e6 5. Be3 cxd4 6. Bxd4 Nc6 7. Nf3 Nxd4 8. Qxd4 Qxd4 9. Nxd4 a6 10. Nd2 Nf6 11. N2f3 Bd6 12. Rd1 Bc7 13. Bc4 0-0 14. 0-0 e5 15. Nc2 b5 16. Bb3 Bb7 17. Nh4 g6 18. Ne3 Rad8 19. Rfe1 Bb6 20. Bc2 Rxd1 21. Bxd1 Rd8 22. Nf3 e4 23. Ne5 Bxe3 24. fxe3 Rd2 25. Bb3 Bd5 26. Bxd5 Rxd5 27. Nc6 Rd2 28. Kf1 Rxb2 29. Re2 Rb1+ 30. Re1 Rxe1+ 31. Kxe1 Ng4 32. Ke2 Nf6 33. Nb4 a5 34. Nc6 Nd5 35. Kd2 a4 36. Nd4 Nc7 37. Ke2 Kg7 38. Kf2 Kf6 39. Kg3 Ke5 40. Kg4 Nd5 41. Nxb5 Nxe3+ 42. Kg3 f5 43. Kf2 Nc4 44. Nd4 f4 45. g3 g5 46. h4 h6 47. hxg5 hxg5 48. gxf4+ gxf4 49. Ke2 Kf6 50. Kf2 Kg5 51. Ke2 Kg4 52. Kf2 f3 53. Ke1 e3 54. Kf1 Nd2+ 55. Ke1 f2+ 56. Ke2 f1Q+ 57. Kxe3 Nc4+ 58. Ke4 Qe1+ 59. Kd3 Ne5+ 60. Kc2 Qf2+ 61. Kb1 Nc4 62. Ne2 Qxe2 63. Kc1 Qb2+ 64. Kd1 Qd2# 0-1